Normal view
MARC view
Entry Personal Name
001 - CONTROL NUMBER
- control field: 7970
003 - CONTROL NUMBER IDENTIFIER
- control field: OSt
005 - DATE AND TIME OF LATEST TRANSACTION
- control field: 20211028144319.0
008 - FIXED-LENGTH DATA ELEMENTS
- fixed length control field: 211028|| aca||aabn | a|a d
040 ## - CATALOGING SOURCE
- Original cataloging agency: OSt
- Transcribing agency: OSt
100 ## - HEADING--PERSONAL NAME
- Personal name: Crasta, Vijitha Grenilla; Rose, Swapna.
- Miscellaneous information: 1616218
670 ## - SOURCE DATA FOUND
- Source citation: Work cat.: (OSt): Crasta, Vijitha Grenilla; Rose, Swapna. 1616218, Study on effect of downsizing on employee stress with special reference to audi Mangalore., 2018